Oceňovanie práce v procese transformácie ekonomiky Slovenskej republiky kandidátska dizertačná práca
Na minha lista:
| Autor principal: | |
|---|---|
| Autor Corporativo: | |
| Outros Autores: | |
| Formato: | Livro |
| Idioma: | eslovaco inglês |
| Publicado em: |
Bratislava
1993
|
| Assuntos: | |
| Tags: |
Sem tags, seja o primeiro a adicionar uma tag!
|
MARC
| LEADER | 00000nam a2200000 4500 | ||
|---|---|---|---|
| 001 | c117424 | ||
| 005 | 20221123104930.2 | ||
| 041 | 0 | |a slo | |
| 041 | 0 | |a eng | |
| 044 | |a SK | ||
| 245 | 1 | 0 | |a Oceňovanie práce v procese transformácie ekonomiky Slovenskej republiky |b kandidátska dizertačná práca |c Marta Ďurďovičová ; škol. Miroslav Tomaščín |
| 264 | 1 | |a Bratislava |c 1993 | |
| 300 | |a 147 s. | ||
| 610 | 2 | 0 | |a hodnotenie práce |
| 610 | 2 | 0 | |a mzdy |
| 610 | 2 | 0 | |a platy |
| 610 | 2 | 0 | |a trh práce |
| 610 | 2 | 0 | |a transformácia |
| 610 | 2 | 0 | |a Slovensko |
| 610 | 2 | 0 | |a hospodárstvo trhové |
| 100 | 1 | |a Ďurďovičová, Marta, 1964- | |
| 700 | 1 | |a Tomaščín, Miroslav | |
| 710 | 2 | |a Ekonomická univerzita v Bratislave. Národohospodárska fakulta | |